<?xml version="1.0" encoding="UTF-8"?>
<record
    xmlns:xsi="http://www.w3.org/2001/XMLSchema-instance"
    xsi:schemaLocation="http://www.loc.gov/MARC21/slim http://www.loc.gov/standards/marcxml/schema/MARC21slim.xsd"
    xmlns="http://www.loc.gov/MARC21/slim">

  <leader>03213nac a22002651u 4500</leader>
  <datafield tag="010" ind1=" " ind2=" ">
    <subfield code="a">  2005295272</subfield>
  </datafield>
  <datafield tag="020" ind1=" " ind2=" ">
    <subfield code="a">158906318X</subfield>
  </datafield>
  <datafield tag="035" ind1=" " ind2=" ">
    <subfield code="a">(OCoLC)ocm56767741</subfield>
  </datafield>
  <datafield tag="082" ind1="0" ind2="0">
    <subfield code="a">339.52091724</subfield>
    <subfield code="b">G9775</subfield>
  </datafield>
  <datafield tag="090" ind1=" " ind2=" ">
    <subfield code="c">4231</subfield>
    <subfield code="d">4231</subfield>
  </datafield>
  <datafield tag="100" ind1=" " ind2=" ">
    <subfield code="a">Gupta, Sanjeev [ed]          </subfield>
  </datafield>
  <datafield tag="245" ind1="0" ind2="0">
    <subfield code="a">Helping countries develop :</subfield>
    <subfield code="b">the role of fiscal policy /</subfield>
    <subfield code="c">editors: Sanjeev Gupta, Benedict Clements, Gabriela Inchauste.</subfield>
  </datafield>
  <datafield tag="260" ind1=" " ind2=" ">
    <subfield code="a">Washington, D.C. :</subfield>
    <subfield code="b">International Monetary Fund,</subfield>
    <subfield code="c">c2004.</subfield>
  </datafield>
  <datafield tag="300" ind1=" " ind2=" ">
    <subfield code="a">xi, 528 p. :</subfield>
    <subfield code="b">ill. ;</subfield>
    <subfield code="c">23 cm.</subfield>
  </datafield>
  <datafield tag="504" ind1=" " ind2=" ">
    <subfield code="a">Includes bibliographical references.</subfield>
  </datafield>
  <datafield tag="505" ind1="0" ind2="0">
    <subfield code="t">Fiscal policy for economic development: an overview /</subfield>
    <subfield code="r">Benedict Clements, Sanjeev Gupta, Gabriela Inchauste --</subfield>
    <subfield code="t">Fiscal policy, expenditure composition, and growth in low-income countries /</subfield>
    <subfield code="r">Sanjeev Gupta ... [et al.] --</subfield>
    <subfield code="t">Persistence of fiscal adjustments and expenditure composition in low-income countries /</subfield>
    <subfield code="r">Emanuele Baldacci ... [et al.] --</subfield>
    <subfield code="t">Growth, governance, and fiscal policy transmission channels in low-income countries /</subfield>
    <subfield code="r">Emanuele Baldacci, Arye L. Hillman, Naoko Kojo --</subfield>
    <subfield code="t">External debt, public investment and growth in low-income countries /</subfield>
    <subfield code="r">Benedict Clements, Rina Bhattacharya, Tuan Quoc Nguyen --</subfield>
    <subfield code="t">A framework for fiscal debt sustainability analysis in low-income countries /</subfield>
    <subfield code="r">Emanuele Baldacci, Kevin Fletcher --</subfield>
    <subfield code="t">Experience with budgetary convergence in the WAEMU /</subfield>
    <subfield code="r">Ousmane Dore&#xCC;?, Paul R. Masson --</subfield>
    <subfield code="t">The effectiveness of government spending on education and health care in developing and transition economies /</subfield>
    <subfield code="r">Sanjeev Gupta, Marijn Verhoeven, Erwin R. Tiongson --</subfield>
    <subfield code="t">Public spending on health care and the poor /</subfield>
    <subfield code="r">Sanjeev Gupta, Marijn Verhoeven, Erwin R. Tiongson --</subfield>
    <subfield code="t">User payments for basic education in low-income countries /</subfield>
    <subfield code="r">Arye L. Hillman, Eva Jenkner --</subfield>
    <subfield code="t">The efficiency of government expenditure: experiences from Africa /</subfield>
    <subfield code="r">Sanjeev Gupta, Marijn Verhoeven --</subfield>
    <subfield code="t">Tax policy in developing countries: some lessons from the 1990s and some challenges ahead /</subfield>
    <subfield code="r">Michael Keen, Alejandro Simone --</subfield>
    <subfield code="t">Social impact of a tax reform: the case of Ethiopia /</subfield>
    <subfield code="r">So&#xCC;&#x20AC;nia Mun&#xCC;&#x192;oz, Stanley Sang-Wook Cho --</subfield>
    <subfield code="t">Foreign aid and revenue response: does the composition of aid matter? /</subfield>
    <subfield code="r">Sanjeev Gupta ... [et al.] --</subfield>
    <subfield code="t">More aid: making it work for the poor /</subfield>
    <subfield code="r">Peter S. Heller, Sanjeev Gupta --</subfield>
    <subfield code="t">Aid and fiscal management /</subfield>
    <subfield code="r">Alex&#xCC;&#x152; Buli&#xCC;?r&#xCC;&#x152;, Timothy Lane --</subfield>
    <subfield code="t">Foreign aid and consumption smoothing: evidence from global food aid /</subfield>
    <subfield code="r">Sanjeev Gupta, Benedict Clements, Erwin R. Tiongson --</subfield>
    <subfield code="t">Fiscal consequences of armed conflict and terrorism in low- and middle-income countries /</subfield>
    <subfield code="r">Sanjeev Gupta ... [et al.] --</subfield>
    <subfield code="t">A comparison between two public expenditure management systems in Africa /</subfield>
    <subfield code="r">Ian Lienert.</subfield>
  </datafield>
  <datafield tag="650" ind1=" " ind2="0">
    <subfield code="a">Finance, Public</subfield>
    <subfield code="z">Developing countries.</subfield>
  </datafield>
  <datafield tag="650" ind1=" " ind2="0">
    <subfield code="a">Government spending policy</subfield>
    <subfield code="z">Developing countries.</subfield>
  </datafield>
  <datafield tag="651" ind1=" " ind2="0">
    <subfield code="a">Developing countries</subfield>
    <subfield code="x">Appropriations and expenditures.</subfield>
  </datafield>
  <datafield tag="700" ind1="1" ind2=" ">
    <subfield code="a">Inchauste, Gabriela. [ed]</subfield>
  </datafield>
  <datafield tag="700" ind1="1" ind2=" ">
    <subfield code="a">Clements, Benedict J. [ed]</subfield>
  </datafield>
  <datafield tag="710" ind1="2" ind2=" ">
    <subfield code="a">International Monetary Fund.</subfield>
  </datafield>
  <datafield tag="942" ind1=" " ind2=" ">
    <subfield code="c">BB</subfield>
    <subfield code="k">339.52091724G9775</subfield>
  </datafield>
  <datafield tag="999" ind1=" " ind2=" ">
    <subfield code="c">4231</subfield>
    <subfield code="d">4231</subfield>
  </datafield>
  <datafield tag="952" ind1=" " ind2=" ">
    <subfield code="0">0</subfield>
    <subfield code="1">0</subfield>
    <subfield code="4">0</subfield>
    <subfield code="7">0</subfield>
    <subfield code="a">MAIN</subfield>
    <subfield code="b">MAIN</subfield>
    <subfield code="c">1ST</subfield>
    <subfield code="d">2007-08-30</subfield>
    <subfield code="e">Purchase</subfield>
    <subfield code="l">6</subfield>
    <subfield code="m">19</subfield>
    <subfield code="o">339.52091724 GUP</subfield>
    <subfield code="p">000000300</subfield>
    <subfield code="r">2025-07-15 00:00:00</subfield>
    <subfield code="s">2018-02-25</subfield>
    <subfield code="y">BB</subfield>
  </datafield>
</record>
